000 00821nam a2200229Ii 4500
003 JO-AjNU
008 230605s9999||||xx |||||||||||||| ||und||
017 _a2002/18860
020 _a977-5022-42-8
040 _aJO-AjNU
_bara
_erda
_cJO-AjNU
041 _aara
050 1 4 _aBP183.3.A2222 2002
100 3 _aسالم، عبد المقصود محمد ,
_eauthor
_935358
245 0 0 _aأنوار الحق في الصلاة على سيد الخلق سيدنا ومولانا محمد صلى الله عليه وسلم
250 _aط23
264 3 1 _aالقاهرة: شركة الشمرلي للطباعة والنشر، 2002
300 _a112ص
336 _atext
_btxt
_2rdacontent
337 _aunmediated
_bn
_2rdamedia
338 _avolume
_bnc
_2rdacarrier
650 4 _aالادعية والاوراد
_935359
999 _aA14589
_c18157
_d18157